The United Nations Conference on International Organization, San Francisco, California, April 25 to June 26, 1945. Selected documents

Guardat en:
Dades bibliogràfiques
Format: Llibre
Idioma:Undetermined
Publicat: Washington Govt. Print. Off. 1946
Matèries:
Etiquetes: Afegir etiqueta
Sense etiquetes, Sigues el primer a etiquetar aquest registre!
Thư viện lưu trữ: Trung tâm Học liệu Trường Đại học Cần Thơ
LEADER 00526nam a2200157Ia 4500
001 CTU_89277
008 210402s9999 xx 000 0 und d
082 |a 341.1 
082 |b U58 
245 4 |a The United Nations Conference on International Organization, San Francisco, California, April 25 to June 26, 1945. Selected documents 
260 |a Washington 
260 |b Govt. Print. Off. 
260 |c 1946 
650 |a International organization 
904 |i Nguyên 
980 |a Trung tâm Học liệu Trường Đại học Cần Thơ